| 000 | 00411nam a2200157Ia 4500 | ||
|---|---|---|---|
| 003 | LK-CoDNM | ||
| 008 | 010623t1996 xxu||||| |||| 00| 1 eng d | ||
| 040 |
_aLK-CoDNM _dLK-CoDNM _eLK-CoDNM |
||
| 041 | _aeng | ||
| 080 | _a8-32(8020) DES | ||
| 100 | _aDe Silva,Colin. | ||
| 245 | _aJungle Tales | ||
| 260 |
_bRichmond Publications _aColombo _c1996 |
||
| 300 | _b296p., 21 100: 955-619-003-1 cm | ||
| 942 | _cBK | ||
| 999 |
_c117488 _d117488 |
||